Fundamentals of Instrumention / (Record no. 592083)
[ view plain ]
| 000 -LEADER | |
|---|---|
| fixed length control field | 00515nam a2200109 4500 |
| 082 ## - DEWEY DECIMAL CLASSIFICATION NUMBER | |
| Classification number | 621.3104,BAK |
| 100 ## - MAIN ENTRY--PERSONAL NAME | |
| Personal name | Uday A.Bakshi |
| 9 (RLIN) | 101668 |
| 245 ## - TITLE STATEMENT | |
| Title | Fundamentals of Instrumention / |
| Remainder of title | Uday A. Bakshi |
| Statement of responsibility, etc. | Ajay V. Bakshi |
| 260 ## - PUBLICATION, DISTRIBUTION, ETC. | |
| Date of publication, distribution, etc. | 1999 |
| 505 ## - FORMATTED CONTENTS NOTE | |
| Formatted contents note | Basics of Measurement (Various Pages), Analog indicating Instruments (Various Pages), Bridge Circuits (Various Pages), Digital Instruments (Various Pages), Oscilloscopes (Various Pages), Recording Instruments and Waveform Generation (Various Pages). |
| 942 ## - ADDED ENTRY ELEMENTS (KOHA) | |
| Source of classification or shelving scheme | |
| Koha item type | Book |
| Withdrawn status | Lost status | Source of classification or shelving scheme | Damaged status | Not for loan | Permanent Location | Current Location | Shelving location | Date acquired | Total Checkouts | Full call number | Barcode | Date last seen | Price effective from | Koha item type | Public note |
|---|---|---|---|---|---|---|---|---|---|---|---|---|---|---|---|
| Military College of Signals (MCS) | Military College of Signals (MCS) | General Stacks | 10/28/2022 | 621.3104,BAK | MCS38073 | 10/28/2022 | 10/28/2022 | Book | Almirah No.28, Shelf No.6 |
